Obálka Náhled e-knihy:
PDF Epub
Pro půjčování e-knih musíte být přihlášeni.
Jak si půjčit online?

Karlaz : srdce poutníka /

Série podobenství o životní moudrosti a hierarchii hodnot, které pronáší postava tajemného mudrce jménem Karlaz.

Uloženo v:
Hlavní autor: Gavlas, Tomáš, 1987- (Autor)
Médium: E-kniha
Jazyk:Czech
Vydáno: [Praha] : Tomáš Gavlas Publishing, [2025]
Vydání:První vydání
Témata:
Tagy:
Žádné tagy
LEADER 02461nam a2200529 i 4500
001 312778
003 CZ PrSKC
005 20260601215728.0
007 ta
008 250731t20252025xr g 000 f cze
015 |a cnb003696480 
020 |a 9788090755185  |q (vázáno) 
035 |a (OCoLC)1544836349 
040 |a ABG001  |b cze  |e rda 
072 7 |a 821.162.3-3  |x Česká próza  |2 Konspekt 
080 |a 821.162.3-3  |2 MRF 
080 |a 2-57+796.51  |2 MRF 
080 |a 17.02  |2 MRF 
080 |a 13  |2 MRF 
080 |a (0:82-322.1)  |2 MRF 
100 1 |a Gavlas, Tomáš,  |d 1987-  |7 ola20191047882  |4 aut  |4 pbl 
245 1 0 |a Karlaz :  |b srdce poutníka /  |c Tomáš Gavlas 
246 3 0 |a Srdce poutníka 
250 |a První vydání 
264 1 |a [Praha] :  |b Tomáš Gavlas Publishing,  |c [2025] 
264 4 |c ©2025 
300 |a 154 stran ;  |c 22 cm 
336 |a text  |b txt  |2 rdacontent 
337 |a bez média  |b n  |2 rdamedia 
338 |a svazek  |b nc  |2 rdacarrier 
520 2 |a Série podobenství o životní moudrosti a hierarchii hodnot, které pronáší postava tajemného mudrce jménem Karlaz.  |b Mestizo se vydává na nebezpečnou cestu do pouště, aby nalezl poutníka Karlaze a zachránil své město před záhadnou nemocí. Text s využitím filozofických a náboženských motivů zkoumá sílu pouště transformovat lidskou duši, smysl osobní oběti a odvahu následovat své vnitřní volání. Nakladatelská anotace. Kráceno. 
546 |a Český text 
650 0 7 |a poutnictví  |7 ph879027  |2 czenas 
650 0 7 |a životní moudrost  |7 ph128026  |x duchovní aspekty  |2 czenas 
650 0 7 |a smysl života  |7 ph125718  |x duchovní aspekty  |2 czenas 
650 0 9 |a pilgrimage  |2 eczenas 
650 0 9 |a life wisdom  |x spiritual aspects  |2 eczenas 
650 0 9 |a sense of life  |x spiritual aspects  |2 eczenas 
655 7 |a české prózy  |7 fd133972  |2 czenas 
655 7 |a filozofické prózy  |7 fd289036  |2 czenas 
655 9 |a Czech prose  |2 eczenas 
655 9 |a philosophical prose  |2 eczenas 
900 |a ABA001  |b 19 
044 |a xr 
910 |a RBIT002 
998 |d 421718  |a https://core.palmknihy.cz/api/books/421718/cover?t0kpb2  |b https://core.palmknihy.cz/api/books/421718/cover/400?t0kpb2  |c https://core.palmknihy.cz/api/books/421718/cover/50?t0kpb2  |e   |g 160  |i 9788090755185  |j https://core.palmknihy.cz/api/books/421718/preview.epub  |k https://core.palmknihy.cz/api/books/421718/preview.pdf  |l   |q 49  |r 1  |s https://www.palmknihy.cz/kniha/421718  |t ebook  |y 2025  |z 0 
999 |d 312776